Texas criminal lawyer's handbook / (Registro nro. 173750)
[ vista simple ]
| 000 -LEADER | |
|---|---|
| fixed length control field | 01171nam a22003851i 4500 |
| 001 - CONTROL NUMBER | |
| control field | bslw10111868 |
| 006 - FIXED-LENGTH DATA ELEMENTS--ADDITIONAL MATERIAL CHARACTERISTICS--GENERAL INFORMATION | |
| fixed length control field | m o d |
| 007 - PHYSICAL DESCRIPTION FIXED FIELD--GENERAL INFORMATION | |
| fixed length control field | cr un ---uuuua |
| 008 - FIXED-LENGTH DATA ELEMENTS--GENERAL INFORMATION | |
| fixed length control field | 231221t20162016cau of 001 0 eng d |
| 020 ## - INTERNATIONAL STANDARD BOOK NUMBER | |
| International Standard Book Number | 9781945421129 |
| 035 ## - | |
| -- | 42362 |
| 035 ## - | |
| -- | 42363 |
| 040 ## - CATALOGING SOURCE | |
| Original cataloging agency | UtOrBLW |
| Language of cataloging | eng |
| Description conventions | rda |
| Transcribing agency | UtOrBLW |
| 043 ## - | |
| -- | n-us-tx |
| 050 #4 - | |
| -- | KFT1775 |
| -- | .D36 2016 |
| 082 04 - | |
| -- | 345.76405 |
| -- | 23 |
| 100 1# - MAIN ENTRY--PERSONAL NAME | |
| Personal name | Daniel, Mark G., |
| Relator term | author. |
| 245 10 - TITLE STATEMENT | |
| Title | Texas criminal lawyer's handbook / |
| Statement of responsibility, etc | by Mark G. Daniel, Robert K. Gill. |
| 250 ## - | |
| -- | Revision 17. |
| 264 #1 - | |
| -- | Costa Mesa, CA : |
| -- | James Publishing, |
| -- | [2016] |
| 264 #4 - | |
| -- | ©2016 |
| 300 ## - PHYSICAL DESCRIPTION | |
| Extent | 1 online resource (2 volumes) |
| 336 ## - | |
| -- | text |
| -- | txt |
| -- | rdacontent |
| 337 ## - | |
| -- | computer |
| -- | c |
| -- | rdamedia |
| 338 ## - | |
| -- | online resource |
| -- | cr |
| -- | rdacarrier |
| 500 ## - GENERAL NOTE | |
| General note | Includes index in volume 2. |
| 650 #0 - SUBJECT ADDED ENTRY--TOPICAL TERM | |
| Topical term or geographic name as entry element | Criminal procedure |
| Geographic subdivision | Texas. |
| 650 #0 - SUBJECT ADDED ENTRY--TOPICAL TERM | |
| Topical term or geographic name as entry element | Criminal law |
| Geographic subdivision | Texas. |
| 650 #0 - SUBJECT ADDED ENTRY--TOPICAL TERM | |
| Topical term or geographic name as entry element | Practice of law |
| Geographic subdivision | Texas. |
| 700 1# - ADDED ENTRY--PERSONAL NAME | |
| Personal name | Gill, Robert K., |
| Relator term | author. |
| 856 40 - LOCALIZACIÓN Y ACCESO ELECTRÓNICO | |
| Identificador Uniforme del Recurso (URI/URL) | https://app.vlex.com/#/sources/42362 |
| 856 40 - LOCALIZACIÓN Y ACCESO ELECTRÓNICO | |
| Identificador Uniforme del Recurso (URI/URL) | https://app.vlex.com/#/sources/42363 |
| 942 ## - | |
| -- | RAA |
| 999 ## - | |
| -- | 173750 |
| -- | 173750 |
No hay ítems disponibles.